000 00600nam a22002297a 4500
003 UA-OsUOA
001 94798
007 ta
008 20130218b un ||||| |||| 00| 0 ukr d
100 _aДлужневская С.
090 _a821.162.1
_bД52
942 _cBK
040 _aUA-OsUOA
_brus
_cUA-OsUOA
_dUA-OsUOA
245 _aВаршавский дневник
300 _a194 с.
955 _a3
041 _arus
080 _a821.162.1
260 _aМ.
_bВоениздат
_c1967
650 7 _a82 Література. Літературознавство
_2UDC
999 _c381043
_d381043